30 jeux vidéo à compléter - 2018 - Statistiques

Statistiques générales
  • Ce quiz a été pris 98 fois
  • Le résultat moyen est 15 sur 30
Statistiques - réponses
Hint Réponse % Correct
... Us Among
87%
Red Dead ... II Redemption
87%
... of War God
83%
Pokémon: Let's Go, ... Pikachu
80%
Dragon Ball ... FighterZ
76%
...'s Spider-Man Marvel
75%
Sea of ... Thieves
75%
...: Become Human Detroit
72%
Super Smash Bros. ... Ultimate
71%
Assassin's Creed ... Odyssey
65%
Sub... Nautica
61%
A ... Out Way
60%
Kingdom Come: ... Deliverance
53%
Monster Hunter ... World
52%
...Calibur VI Soul
49%
... Cells Dead
47%
... of the Tomb Raider Shadow
41%
... Saber Beat
40%
... Traveler Octopath
39%
Super Mario ... Party
39%
The ... Forest
37%
...punk Frost
37%
Unravel ... Two
37%
... of the Obra Dinn Return
35%
...: Chapter 1 Deltarune
33%
... Celeste
32%
Two Point ... Hospital
29%
Into the ... Breach
21%
The Red ... Club Strings
21%
... Effect Tetris
13%
Aucun quiz correspondant
Distribution des résultats
% des personnes avec chaque résultat
Percentile par nombre de réponses
Votre historique - résultats
Vous n’avez pas pris ce quiz